| 000 | 00722nam a2200205 a 4500 | ||
|---|---|---|---|
| 001 | BRCA_297 | ||
| 005 | 20190320202942.0 | ||
| 008 | 910429s1987 mx-a---###---f000-0#spa-d | ||
| 020 | _a9688160792 | ||
| 040 |
_aDLC _cDLC |
||
| 050 | 4 |
_aPN2061 _b.N68 1987 |
|
| 100 | 1 |
_aNovo, Salvador _d1904-1974 _9994 |
|
| 245 | 1 | 0 |
_a10 lecciones de técnica de actuación teatral _cSalvador Novo. |
| 260 |
_aMéxico _bDepartamento de Distrito Federal, Secretaría General de Desarrollo Social, Comité Interno de Ediciones Gubernamentales _c1987 |
||
| 300 |
_a43 p. _bil. _c22 cm. |
||
| 440 | 0 |
_aCiudad y cultura _v3 _9995 |
|
| 650 | 1 | 4 |
_aActuación teatral _xTécnicas _9996 |
| 650 | 1 | 4 |
_aTeatro _xProducción y dirección _9997 |
| 942 |
_2lcc _cB |
||
| 999 |
_c239 _d239 |
||